Tous les items dans le jeu Granny - Statistiques

Statistiques générales
  • Ce quiz a été pris 16 fois
  • Le résultat moyen est 17 sur 38
Statistiques - réponses
Items % Correct
Padlock key
89%
Hammer
78%
Master key
78%
Shotgun
78%
Car key
67%
Playhouse key
56%
Rusty padlock key
56%
Safekey
56%
Spider key
56%
Teddy
56%
Book
44%
Car battery
44%
Chain cutter
44%
Cogwheel
44%
Crossbow
44%
Gasoline can
44%
Melon
44%
Pepper spray
44%
Screwdriver
44%
Weapon key
44%
Wheel crank
44%
Ammo
33%
Battery
33%
Bird seed
33%
Cutting pliers
33%
Freeze trap
33%
Padlock code
33%
Piece of painting
33%
Remote control
33%
Winch handle
33%
Wooden stick
33%
Wrench
33%
Engine part
22%
Meat
22%
Plank
22%
Spark plug
22%
Special key
22%
Tranquilizer dart
22%
Aucun quiz correspondant
Distribution des résultats
% des personnes avec chaque résultat
Percentile par nombre de réponses
Votre historique - résultats
Vous n’avez pas pris ce quiz